000 00534nam a2200157Ia 4500
003 SGT
020 _a9788120319523
082 _a621.381
_bKAL
100 _aKal,Santiram
245 _aBasic electronics
260 _bPHI Learning Private Limited
_aNew Delhi
_c2009
300 _a575p.
650 _aELECTRONICS ENGINEERING
653 _aAN INTRODUCTION TO ELECTRONICS,SEMICONDUCTOR,MATERIALS AND JUNCTION DIODES,JUNCTION DIODES AND THEIR APPLICATIONS,BJTs AND FETs,TRANSISTOR BIASING AND SMALL SIGNAL AMPLIFIERS
942 _2ddc
_cBK
_08
999 _c4913
_d4913